| 000 | 00328 a2200121 4500 | ||
|---|---|---|---|
| 001 | 53531 | ||
| 082 | _a629.1323 AND | ||
| 090 |
_c33681 _d33681 |
||
| 100 | _aAnderson, J. D. | ||
| 245 | _aHistory of aerodynamics and its impact on flying machines | ||
| 260 |
_aCambridge _bCambridge Uni press _c2001 |
||
| 300 | _axii, 478 p. | ||
| 942 |
_aNUST-CAE _k629.1323 AND |
||
| 999 |
_c288604 _d288604 |
||